सहकारी खेती (Record no. 1022191)

MARC details
000 -LEADER
fixed length control field 01071nam a2200277Ia 4500
003 - CONTROL NUMBER IDENTIFIER
control field OSt
005 - DATE AND TIME OF LATEST TRANSACTION
control field 20221005111551.0
008 - FIXED-LENGTH DATA ELEMENTS--GENERAL INFORMATION
fixed length control field 221004b |||||||| |||| 00| 0 mal d
037 ## - SOURCE OF ACQUISITION
Terms of availability Textual
040 ## - CATALOGING SOURCE
Original cataloging agency CRL
Transcribing agency CRL
Language of cataloging mal
041 ## - LANGUAGE CODE
Source of code mal
Language code of text/sound track or separate title mal
100 ## - MAIN ENTRY--PERSONAL NAME
Personal name नायर, एडस्सेरी गोविन्दन
245 #0 - TITLE STATEMENT
Title सहकारी खेती
246 ## - VARYING FORM OF TITLE
Title proper/short title Sahakārī khetī
260 ## - PUBLICATION, DISTRIBUTION, ETC.
Place of publication, distribution, etc. नई दिल्ली
Name of publisher, distributor, etc. साहित्य अकादेमी भारत
Date of publication, distribution, etc. 1983
300 ## - PHYSICAL DESCRIPTION
Extent 72पृ0
Dimensions cm.
650 ## - SUBJECT ADDED ENTRY--TOPICAL TERM
Topical term or geographic name entry element मलयालम साहित्य
700 ## - ADDED ENTRY--PERSONAL NAME
Personal name वर्मा, के. रवि, अनु.
9 (RLIN) 624206
942 ## - ADDED ENTRY ELEMENTS (KOHA)
Classification part O32,2N06,SK, 152M3
Koha item type Textual
Source of classification or shelving scheme
Holdings
Withdrawn status Lost status Damaged status Not for loan Home library Current library Date acquired Source of acquisition Cost, normal purchase price Total Checkouts Full call number Barcode Date last seen Cost, replacement price Price effective from Koha item type Public note
        Central Library Central Library 2022-10-05 523, 19/03/2009, Vani Prakashan 75.00   O32,2N06,SK 152M3 CL1062817 2022-10-05 75.00 2022-10-05 Textual translate from malayalam to hindi
Copyright @ Delhi University Library System